Mastering technical analysis : (Record no. 14580)
[ view plain ]
| 000 -LEADER | |
|---|---|
| fixed length control field | 01784cam a22003374a 4500 |
| 001 - CONTROL NUMBER | |
| control field | 13917451 |
| 005 - DATE AND TIME OF LATEST TRANSACTION | |
| control field | 20170105102858.0 |
| 008 - FIXED-LENGTH DATA ELEMENTS--GENERAL INFORMATION | |
| fixed length control field | 050401s2006 nyua 001 0 eng |
| 010 ## - LIBRARY OF CONGRESS CONTROL NUMBER | |
| LC control number | 2005009357 |
| 020 ## - INTERNATIONAL STANDARD BOOK NUMBER | |
| International Standard Book Number | 0071448829 (hardcover) |
| 035 ## - SYSTEM CONTROL NUMBER | |
| System control number | (OCoLC)ocm58985833 |
| 040 ## - CATALOGING SOURCE | |
| Original cataloging agency | DLC |
| Transcribing agency | DLC |
| Modifying agency | C#P |
| -- | BAKER |
| -- | BUR |
| -- | DLC |
| 042 ## - AUTHENTICATION CODE | |
| Authentication code | pcc |
| 050 00 - LIBRARY OF CONGRESS CALL NUMBER | |
| Classification number | HG4529 |
| Item number | .B74 2006 |
| 082 00 - DEWEY DECIMAL CLASSIFICATION NUMBER | |
| Classification number | 332.63/2042 |
| Edition number | 22 |
| 100 1# - MAIN ENTRY--PERSONAL NAME | |
| Personal name | Brooks, John C. |
| 245 10 - TITLE STATEMENT | |
| Title | Mastering technical analysis : |
| Remainder of title | using the tools of technical analysis for profitable trading / |
| Statement of responsibility, etc. | John C. Brooks. |
| 260 ## - PUBLICATION, DISTRIBUTION, ETC. | |
| Place of publication, distribution, etc. | New York : |
| Name of publisher, distributor, etc. | McGraw-Hill, |
| Date of publication, distribution, etc. | c2006. |
| 300 ## - PHYSICAL DESCRIPTION | |
| Extent | 279 p. : |
| Other physical details | ill. ; |
| Dimensions | 24 cm. |
| 440 #0 - SERIES STATEMENT/ADDED ENTRY--TITLE | |
| Title | McGraw-Hill trader's edge series |
| 500 ## - GENERAL NOTE | |
| General note | Includes index. |
| 505 0# - FORMATTED CONTENTS NOTE | |
| Formatted contents note | Technical analysis from my perspective -- The forces of supply and demand -- Pattern recognition -- The tools of the trade -- Channels trends -- Volume -- Momentum -- Moving averages -- Money flow -- Sentiment -- Relative strength analysis -- Building your own toolbox -- Cycles -- What to look at in the market -- Sectors and groups -- Individual stock selection -- Bits and pieces -- Conclusion. |
| 650 #0 - SUBJECT ADDED ENTRY--TOPICAL TERM | |
| Topical term or geographic name entry element | Investment analysis. |
| 650 #0 - SUBJECT ADDED ENTRY--TOPICAL TERM | |
| Topical term or geographic name entry element | Stocks. |
| 856 41 - ELECTRONIC LOCATION AND ACCESS | |
| Materials specified | Table of contents only |
| Uniform Resource Identifier | <a href="http://www.loc.gov/catdir/toc/ecip0510/2005009357.html">http://www.loc.gov/catdir/toc/ecip0510/2005009357.html</a> |
| 856 42 - ELECTRONIC LOCATION AND ACCESS | |
| Materials specified | Contributor biographical information |
| Uniform Resource Identifier | <a href="http://www.loc.gov/catdir/enhancements/fy0622/2005009357-b.html">http://www.loc.gov/catdir/enhancements/fy0622/2005009357-b.html</a> |
| 856 42 - ELECTRONIC LOCATION AND ACCESS | |
| Materials specified | Publisher description |
| Uniform Resource Identifier | <a href="http://www.loc.gov/catdir/enhancements/fy0622/2005009357-d.html">http://www.loc.gov/catdir/enhancements/fy0622/2005009357-d.html</a> |
| 906 ## - LOCAL DATA ELEMENT F, LDF (RLIN) | |
| a | 7 |
| b | cbc |
| c | orignew |
| d | 1 |
| e | ecip |
| f | 20 |
| g | y-gencatlg |
| 942 ## - ADDED ENTRY ELEMENTS (KOHA) | |
| Source of classification or shelving scheme | |
| Koha item type | Book |
| Withdrawn status | Lost status | Damaged status | Not for loan | Collection code | Permanent Location | Current Location | Shelving location | Date acquired | Total Checkouts | Full call number | Barcode | Date last seen | Price effective from | Koha item type |
|---|---|---|---|---|---|---|---|---|---|---|---|---|---|---|
| Centre for International Peace & Stability (CIPS) | Centre for International Peace & Stability (CIPS) | General Stacks | 09/12/2013 | 332.632042 BRO 2006 | CIPS0000874 | 09/12/2013 | 09/12/2013 | Book |
